கோழை சிங்கமும் பசித்த புலியும் /

Saved in:
Bibliographic Details
Main Author: ப்ராங்க் பாம்
Format: Book
Language:English
Tamil
Published: இந்தியா ; இந்தியன் பதிப்பகம் . 2009,
Edition:1+
Subjects:
Tags: Add Tag
No Tags, Be the first to tag this record!

MARC

LEADER 00000nam a22000007a 4500
003 LK-TrUPL
005 20260417103952.0
008 260417b |||||||| |||| 00| 0 eng d
022 |a 9788184932706 
040 |a LK-TrUPL  |b tam  |d LK-TrUPL 
041 |a tam 
082 |2 23  |a 894.811  |b ப்ராங் 
100 |a ப்ராங்க் பாம் 
245 |a கோழை சிங்கமும் பசித்த புலியும் /  |c ப்ராங்க் பாம் 
250 |a 1+ 
260 |a இந்தியா ;  |b இந்தியன் பதிப்பகம் .  |c 2009, 
300 |a ப.80 ;  |c ச,மீ,19, 
650 0 |a கதை 
942 |c CHBK 
999 |c 13345  |d 13345